书目信息 |
| 题名: |
现代力量训练
|
|
| 作者: | 万德光 , 万猛 编著 | |
| 分册: | ||
| 出版信息: | 北京 人民体育出版社 2003 |
|
| 页数: | 240页 | |
| 开本: | 20cm | |
| 丛书名: | ||
| 单 册: | ||
| 中图分类: | G808.1 | |
| 科图分类: | ||
| 主题词: | 力量--身体训练 | |
| 电子资源: | ||
| ISBN: | 7-5009-2409-7 | |
| 000 | 00749nam0 2200229 45 | |
| 001 | 002364085 | |
| 005 | 20050401113603.2 | |
| 010 | @a7-5009-2409-7@dCNY15.00 | |
| 100 | @a20030525d2003 em y0chiy0110 ea | |
| 101 | 0 | @achi |
| 102 | @aCN@b110000 | |
| 105 | @ay z 000yy | |
| 200 | 1 | @a现代力量训练@Axian dai li liang xun lian@f万德光,万猛编著@FWan De Guang,Wan Meng Bian Zhu |
| 210 | @a北京@c人民体育出版社@d2003 | |
| 215 | @a240页@d20cm | |
| 330 | @a本书共有十三章,内容包括力量训练的目的与任务、力量训练的理论基础、合理安排负荷量、力量训练和营养、力量训练的手段等。 | |
| 606 | 0 | @a力量@x身体训练 |
| 690 | @aG808.1@v4 | |
| 701 | 0 | @a万德光@4编著 |
| 701 | 0 | @a万猛@4编著 |
| 801 | 0 | @aCN@bNLC@c20040223 |
| 905 | @f5@b347165-169@dG808.1@e146 | |
| 现代力量训练/万德光,万猛编著.-北京:人民体育出版社,2003 |
| 240页;20cm |
| ISBN 7-5009-2409-7:CNY15.00 |
| 本书共有十三章,内容包括力量训练的目的与任务、力量训练的理论基础、合理安排负荷量、力量训练和营养、力量训练的手段等。 |
| ● |
| 相关链接 |
|
|
|
|
正题名:现代力量训练
索取号:G808.1/146
 
预约/预借
| 序号 | 登录号 | 条形码 | 馆藏地/架位号 | 状态 | 备注 |
| 1 | 0347165 | 203471652 | 第一样本阅览室/ [索取号:G808.1/146] | 在馆 | |
| 2 | 0347166 | 203471661 | 第四借阅区/ [索取号:G808.1/146] | 在馆 | |
| 3 | 0347167 | 203471670 | 密集书库/ [索取号:G808.1/146] | 在馆 | |
| 4 | 0347168 | 203471689 | 密集书库/ [索取号:G808.1/146] | 在馆 | |
| 5 | 0347169 | 203471698 | 第四借阅区/ [索取号:G808.1/146] | 在馆 |